Contra la indiferencia como norma

Guardat en:
Dades bibliogràfiques
Autor principal: Moneo, Rafael (autor)
Format: Llibre
Idioma:espanyol
Publicat: Santiago Ediciones ARQ 1995
Col·lecció:Colección Gris, 1
Matèries:
Etiquetes: Afegir etiqueta
Sense etiquetes, Sigues el primer a etiquetar aquest registre!

MARC

LEADER 00000nam a2200000 a 4500
001 UCU8082
003 CL-VaPUC
008 960712e19950000CL |||||||||||||||||spa|d
082 0 4 |a 724.6  |b MON  |2 21 
100 |a Moneo, Rafael  |e autor  |9 523127 
245 1 0 |a Contra la indiferencia como norma 
300 |a 192 p 
942 |c BK 
945 |d 19960712 00:00:00  |a rbrito 
260 |a Santiago  |b Ediciones ARQ  |c 1995 
650 0 |a Arquitectura  |9 804558 
650 0 |a Arquitectura contemporánea  |9 367350 
650 0 |a Arquitectos españoles  |9 350193 
650 0 |a Construcción  |9 260195 
650 0 |a Edificios   |9 260501 
583 |a last modification  |c 19960712 00:00:00  |k Rodrigo Vera 
490 0 |a Colección Gris, 1 
999 |c 250608  |d 250606 
952 |0 0  |1 0  |4 0  |6 724_600000000000000_MON_1995  |7 0  |8 A  |9 268970  |a BIBARQ  |b BIBARQ  |d 2019-11-19  |i 3214354  |l 3  |o 724.6 MON 1995  |p 3214354  |r 2025-01-20  |s 2024-05-13  |w 2019-11-19  |y BK  |k ARQ 
952 |0 0  |1 0  |4 0  |6 724_600000000000000_MON_1995  |7 0  |8 A  |9 268971  |a BIBARQ  |b BIBARQ  |d 2019-11-19  |i 3615413  |o 724.6 MON 1995  |p 3615413  |r 2025-01-20  |w 2019-11-19  |y BK  |k ARQ